Greenwich, palace, hospital, college.

Bibliographic Details
Main Author: Lloyd, Christopher C.
Format: Book
Language:English
Published: [London, England] : Officers' Mess, Royal Naval College, [1960]
Subjects:

MARC

Tag First Indicator Second Indicator Subfields
LEADER 00000cam a2200000Ia 4500
001 in00002201845
005 20151104085414.0
008 921022s1960 enka b 000 0 eng d
029 1 |a NLGGC  |b 108636739 
035 |a (OCoLC)ocm26835604 
040 |a CGP  |c CGP  |d OCL  |d TXA  |d UtOrBLW 
043 |a e-uk-en 
049 |a TXAM 
090 |a NA970  |b .L56 1960 
100 1 |a Lloyd, Christopher C. 
245 1 0 |a Greenwich, palace, hospital, college. 
264 1 |a [London, England] :  |b Officers' Mess, Royal Naval College,  |c [1960] 
264 4 |c ©1960 
300 |a 38 pages :  |b illustrations ;  |c 23 cm. 
336 |a text  |b txt  |2 rdacontent 
337 |a unmediated  |b n  |2 rdamedia 
338 |a volume  |b nc  |2 rdacarrier 
500 |a "This guide to the history and buildings of Greenwich was written by Christopher C. Lloyd"--Title page verso. 
500 |a Cushing Library copy is part of the Stephen Powys Marks London Collection. 
504 |a Includes bibliographical references (page 38). 
651 0 |a Greenwich (London, England)  |x Buildings, structures, etc. 
650 0 |a Architecture  |z England  |z London. 
610 2 0 |a Royal Naval College (Great Britain) 
948 |a cataloged  |b h  |c 2006/11/18  |d c  |e rdavis  |f 10:31:41 am 
994 |a C0  |b TXA 
999 |a MARS 
999 f f |s 84a0d50c-1317-3ed3-acdb-45fd38f5e6a1  |i 5618f6c9-b841-3184-acea-81ea565c7109  |t 0 
952 f f |p noncirc  |a Texas A&M University  |b College Station  |c Cushing Memorial Library & Archives  |d Cushing: London (Does not check out)  |t 0  |e NA970 .L56 1960  |h Library of Congress classification  |i unmediated -- volume 
998 f f |a NA970 .L56 1960  |t 0  |l Cushing: London (Does not check out)